Paroles That’s life - Frank Sinatra - Statistiques

Statistiques générales
  • Ce quiz a été pris 3 fois
  • Le résultat moyen est 90 sur 269
Statistiques - réponses
Réponse % Correct
a
100%
I
100%
i
100%
life
100%
that
100%
that’s
100%
that's
100%
I'm
67%
in
67%
it
67%
me
67%
on
67%
the
67%
when
67%
you
67%
you're
67%
all
33%
and
33%
around
33%
die
33%
don't
33%
down
33%
gonna
33%
heart
33%
if
33%
just
33%
know
33%
my
33%
nothing
33%
of
33%
right
33%
some
33%
then
33%
there's
33%
think
33%
up
33%
was
33%
won't
33%
world
33%
ain't
0%
andif
0%
april
0%
as
0%
baby
0%
back
0%
ball
0%
been
0%
big
0%
bird
0%
but
0%
buy
0%
can't
0%
cause
0%
change
0%
come
0%
cutting
0%
deny
0%
didn't
0%
dream
0%
each
0%
face
0%
find
0%
fine
0%
flat
0%
fly
0%
funny
0%
get
0%
here
0%
high
0%
I'd
0%
Id'
0%
I've
0%
july
0%
jump
0%
june
0%
keeps
0%
kikcs
0%
king
0%
knowone
0%
layin
0%
let
0%
many
0%
may
0%
myself
0%
old
0%
one
0%
out
0%
over
0%
pauper
0%
pawn
0%
people
0%
pick
0%
pirate
0%
poet
0%
pupet
0%
puppet
0%
quitting
0%
race
0%
riding
0%
roll
0%
said
0%
say
0%
seem
0%
shaking
0%
shot
0%
single
0%
spinnin'
0%
stomping
0%
tell
0%
their
0%
thing
0%
this
0%
thought
0%
time
0%
times
0%
top
0%
try
0%
tune
0%
what
0%
worth
0%
Aucun quiz correspondant
Distribution des résultats
% des personnes avec chaque résultat
Percentile par nombre de réponses
Votre historique - résultats
Vous n’avez pas pris ce quiz